Catálogo
 En Linea

Legislar los cuidados: (Registro nro. 58444)

Detalles MARC
000 -CABECERA
campo de control de longitud fija 01614nam a2200289 i 4500
003 - IDENTIFICADOR DEL NÚMERO DE CONTROL
campo de control DO-SdBNP
005 - FECHA Y HORA DE LA ÚLTIMA TRANSACCIÓN
campo de control 20250610101211.0
007 - CAMPO FIJO DE DESCRIPCIÓN FÍSICA--INFORMACIÓN GENERAL
campo de control de longitud fija ta
008 - DATOS DE LONGITUD FIJA--INFORMACIÓN GENERAL
campo de control de longitud fija 250610b2024 dr ||||| |||| 00| 0 spa d
020 ## - NÚMERO INTERNACIONAL ESTÁNDAR DEL LIBRO
Número Internacional Estándar del Libro 9789945509526
040 ## - FUENTE DE LA CATALOGACIÓN
Centro catalogador/agencia de origen DO-SdBNP
Lengua de catalogación spa
Centro/agencia transcriptor BNPHU
Normas de descripción rda
082 ## - NÚMERO DE LA CLASIFICACIÓN DECIMAL DEWEY
Número de clasificación xxxx
Número de documento/Ítem Z21
Número de edición 22
100 1# - ENTRADA PRINCIPAL--NOMBRE DE PERSONA
Nombre de persona Zaíz Ortega, Melina
Término indicativo de función/relación autora
Código de función/relación aut.
9 (RLIN) 87219
245 0# - MENCIÓN DE TÍTULO
Título Legislar los cuidados:
Resto del título del trabajo invisible hacia el derecho reconocido /
Mención de responsabilidad, etc. Melina Zaiz Ortega
264 ## - PRODUCCIÓN, PUBLICACIÓN, DISTRIBUCIÓN, FABRICACIÓN Y COPYRIGHT
Producción, publicación, distribución, fabricación y copyright Santo Domingo :
Nombre del de productor, editor, distribuidor, fabricante Fundación Friedrich Ebert Stiftung,
Fecha de producción, publicación, distribución, fabricación o copyright 2024.
300 ## - DESCRIPCIÓN FÍSICA
Extensión 17 páginas :
Dimensiones 30 cm.
336 ## - TIPO DE CONTENIDO
Término de tipo de contenido texto
Código de tipo de contenido txt
Fuente rdacontent
337 ## - TIPO DE MEDIO
Nombre/término del tipo de medio sin mediación
Código del tipo de medio n
Fuente rdamedia
338 ## - TIPO DE SOPORTE
Nombre/término del tipo de soporte volumen
Código del tipo de soporte nc
Fuente rdacarrier
490 1# - MENCIÓN DE SERIE
Mención de serie Análisis
500 ## - NOTA GENERAL
Nota general Incluye datos biográficos de la autora en la última página.
504 ## - NOTA DE BIBLIOGRAFÍA, ETC.
Nota de bibliografía, etc. Bibliografía p: 17.
520 ## - SUMARIO, ETC.
Sumario, etc. Reconocer el derecho al cuidado como un derecho autónomo representa un punto de inflexión para lograr la igualdad de género y la progresividad de los derechos humanos. Para avanzar en la garantía del derecho al cuidado en República Dominicana se requiere analizar las leyes existentes y evaluar cómo estas impactan de manera diferenciado a hombres y mujeres en relación a las necesidades de cuidados y el acceso a otros derechos. Este estudio presenta una propuesta para la configuración jurídica de este derecho y medidas para asegurar que todas las personas puedan acceder y ejercer su derecho a cuidar, ser cuidado y auto cuidarse en condiciones de igualdad y dignidad
590 ## - NOTA LOCAL (RLIN)
Nota local Inventariado, 2025/ YL
910 ## - DATOS DE OPCIÓN DEL USUARIO (OCLC)
Datos de opción del usuario YLockward
942 ## - ELEMENTOS DE PUNTO DE ACCESO ADICIONAL (KOHA)
Fuente del sistema de clasificación o colocación Dewey Decimal Classification
Tipo de ítem Koha Folleto
Existencias
Estado de retiro Estado de pérdida Fuente del sistema de clasificación o colocación Restricciones de uso No para préstamo Código de colección Localización permanente Ubicación/localización actual Ubicación en estantería Fecha de adquisición Fuente de adquisición Total de préstamos Signatura topográfica completa Código de barras Fecha visto por última vez Precio válido a partir de Tipo de ítem Koha Número de copia
    Dewey Decimal Classification Excluido de préstamo   Patrimonio Dominicano Folletos Biblioteca Nacional Pedro Henríquez Ureña Biblioteca Nacional Pedro Henríquez Ureña En catalogación 03.02.2025 Depósito Legal   BNPHU F-PD xxxx Z21 2025-1927 17.03.2025 17.03.2025 Folleto  
    Dewey Decimal Classification Excluido de préstamo   Patrimonio Dominicano Folletos Biblioteca Nacional Pedro Henríquez Ureña Biblioteca Nacional Pedro Henríquez Ureña En catalogación 03.02.2025 Depósito Legal   BNPHU F-PD xxxx Z21 2025-1928 17.03.2025 17.03.2025 Folleto e.2
    Dewey Decimal Classification Préstamo en sala   Dominicana de Servicio Biblioteca Nacional Pedro Henríquez Ureña Biblioteca Nacional Pedro Henríquez Ureña En catalogación 03.02.2025 Depósito Legal   BNPHU F-DS xxxx Z21 2025-1929 17.03.2025 17.03.2025 Folleto e.3

Con tecnología Koha